000 00687nam a2200169 a 4500
008 101004s1995 ||||||||||||||||| || u
020 _a0962218103
050 _aTA 420 Sia
100 _aSiau, John F
245 1 0 _aWood: influence of moisture on physical properties
_cby John F. Siau
260 _aNew York:
_bDepartment of Wood Science and Forest Products, Virginia Polytechnic institute and State University
_c1995
300 _avii, 227p.: ill
350 _a0.00
650 _aWOOD--MOISTURE
650 _aWOOD
995 _D0.00
_FCBU-MAIN LIBRARY (Kitwe)
_H1
_I0.00
_M1
_UAVAILABLE
_WOct 7, 2010
_ZMain Library Open Access Collection
999 _c61887
_d61887